00932nam a2200229 a 450000100100000000500170001000800410002704000250006808200220009324500480011526000550016330000210021849000210023959000260026065000430028665000450032983000280037491000380040295201200044095201250056099900170068500002477420200930023348.0110204s1994 dr r 000 p spa d aDO-SdBNPbspacBNPHU aRD861.44bM516poe03aLo mejor de la poesía amorosa dominicana. aSanto Domingo :bCultural de Santo Domingo,c1994. a104 p. ;c22 cm.1 aMiniantologías aInventariado, 2018/BT 4aPoesía dominicanavCOLECCIONES97120 4aLiteratura dominicanavCOLECCIONES97123 0aMiniantologías950854 aValidado. Control de calidad. MFF 0010718PDaPDbPDcHDd2011-02-04iLF1l0oRD861.44 M516poep24774-10r2020-06-25w2020-06-25yLFPDZNo se presta 0010718PDaPDbPDcHDd2011-02-04iLF1l0oRD861.44 M516poep24774-20r2020-06-25te.2w2020-06-25yLFPDZNo se presta c24267d24267